Guess "The 100" Actors by their Pictures - Statistics

General Stats
  • This quiz has been taken 17 times
  • The average score is 8 of 17
Answer Stats
Picture Hint Answer % Correct
Macallan Shawn Mendes
79%
Bellamy Blake Bob Morley
64%
Clarke Griffin Eliza Taylor
64%
Monty Green Christopher Larkin
57%
Thelonious Jaha Isaiah Washington
57%
Raven Reyes Lindsey Morgan
57%
John Murphy Richard Harmon
57%
Echo/Ash Tasya Teles
57%
Lexa Alycia Debnam-Carey
50%
Marcus Kane Henry Ian Cusick
50%
Lincoln Ricky Whittle
50%
Jasper Jordan Devon Bostick
43%
Wells Jaha Eli Goree
43%
Anya Dichen Lachman
36%
Cece Kelly Hu
29%
Cage Wallas Johnny Whitworth
21%
Dante Wallace (The Old Dude) Raymond J. Wallace
14%
No matching quizzes found
Score Distribution
Percent of People with Each Score
Percentile by Number Answered
Your Score History
You have not taken this quiz